Logo BPK

Bibliografia Prac Pracowników

Politechniki Koszalińskiej

Socjalizacja i wychowanie w rodzinach o zróżnicowanej liczbie dzieci / (Rekord nr 9251)

Szczegóły MARC
000 -ETYKIETA REKORDU
podpole kontrolne o stałej długości 01080nam a2200301 i 4500
001 - NUMER KONTROLNY REKORDU
podpole kontrolne 9251
003 - IDENTYFIKATOR NUMERU KONTROLNEGO REKORDU
podpole kontrolne KOSZ 005
005 - DATA OSTATNIEJ MODYFIKACJI REKORDU
podpole kontrolne 20180321123953.0
008 - POLE O STAŁEJ DŁUGOŚCI - DANE KONTROLNE
podpole kontrolne o stałej długości 981017s1997 pl a |000 0 pol
015 ## - NUMER BIBLIOGRAFII NARODOWEJ
Numer bibliografii narodowej PB 1999/15289
035 ## - NUMER SYSTEMOWY
Numer systemowy przejętego rekordu (OCoLC)830196804
040 ## - ŹRÓDŁO KATALOGOWANIA
Instytucja, która sporządziła opis WA N
Instytucja, która utworzyła rekord WA N
Instytucja, która dokonała modyfikacji KOSZ 005/EG
041 0# - KOD JĘZYKA
Kod języka tekstu pol
Kod języka streszczenia lub abstraktu eng
080 ## - UNIWERSALNA KLASYFIKACJA DZIESIĘTNA - UKD
UKD 316
080 ## - UNIWERSALNA KLASYFIKACJA DZIESIĘTNA - UKD
UKD 37.015.4
080 ## - UNIWERSALNA KLASYFIKACJA DZIESIĘTNA - UKD
UKD (438)
100 1# - NAZWA OSOBOWA
Nazwa osobowa SKRZYPNIAK, Ryszard.
Instytucja Politechnika Koszalińska - Wydział Mechaniczny,
Wydział Katedra Nauk Pedagogicznych
Lata pracy 1996 - .
245 10 - TYTUŁ/ODPOWIEDZIALNOŚĆ
Tytuł Socjalizacja i wychowanie w rodzinach o zróżnicowanej liczbie dzieci /
Pozostałe elementy strefy tytułu i oznaczenia odpowiedzialności Ryszard Skrzypniak.
260 ## - STREFA ADRESU WYDAWNICZEGO
Miejsce wydania Koszalin :
Nazwa wydawcy/dystrybutora Wydaw. Uczelniane PK,
Data publikacji, dystrybucji/powstania dokumentu 1997.
300 ## - STREFA OPISU FIZYCZNEGO
Objętość 205 s. :
Inne cechy fizyczne wykr. ;
Rozmiary 24 cm.
490 1# - STREFA SERII I DOKUMENTU WIELOCZĘŚCIOWEGO - FORMA NIE DO WYSZUKIWANIA
Tytuł i oznaczenie odpowiedzialności serii Monografia Wydziału Mechanicznego / Politechnika Koszalińska.
504 ## - UWAGA DOTYCZACA BIBLIOGRAFII
Informacje o bibliografii Bibliogr. s. 193-203.
546 ## - UWAGA O JĘZYKU
Uwaga o języku Streszcz. ang.
650 #0 - HASŁO PRZEDMIOTOWE W FORMIE NAZWY OGÓLNEJ LUB JEDNOSTKOWEJ
Nazwa ogólna lub geograficzna Wychowanie w rodzinie.
651 #0 - HASŁO PRZEDMIOTOWE W FORMIE NAZWY GEOGRAFICZNEJ
Nazwa geograficzna Koszalin (woj. zachodniopomorskie ; okręg)
9 (RLIN) 6827
830 #0 - HASŁO DODATKOWE SERII LUB DOKUMENTU WIELOCZĘŚCIOWEGO - TYTUŁ UJEDNOLICONY
Tytuł ujednolicony Monografia Wydziału Mechanicznego - Politechnika Koszalińska.
942 ## - HASŁO DODATKOWE - ELEMENTY(KOHA)
Schemat klasyfikacji Uniwersalna klasyfikacja dziesiętna
Typ dokumentu Książka

Brak dostępnych egzemplarzy.

© 2014 Biblioteka Politechniki Koszalińskiej :: BIBLIOGRAFIA PRAC PRACOWNIKÓW